000 00774cab a22002055a 4500
001 L140536
008 070927e20070921xxkod f s 000 0 eng d
035 _a(Sirsi) u140536
041 0 _aeng
100 1 _aJansen, Mark
245 0 0 _aConflicting views
260 _c2007
490 0 _aProperty Week
_v72(38) 21 September 2007, 68-69(2)
520 _aDiscusses the RICS review of rules on how valuers should handle conflicts of interest when they value properties as a security for bank loans. Asks whether valuers have compromised themselves by working for banks at the same time as buyers.
590 _aka ntk
650 2 4 _aRICS appraisal and valuation standards
651 4 _aUnited Kingdom
_y
690 _aPROPERTY-PROPERTY APPRAISAL AND VALUATION
942 _n0
999 _c79296
_d79296